| 000 | 00568nam a22001577a 4500 | ||
|---|---|---|---|
| 020 | _qHard Cover. | ||
| 082 | _a620.005 | ||
| 100 | _aNasir, Sara | ||
| 245 |
_aFormation of Cyber Secure Ecosystem by Establishing Framework for National Computer Emergency Response Team PK-CERT in Pakistan / _cSara Nasir |
||
| 260 |
_aIslamabad : _bCEME - NUST, _c2014. |
||
| 300 |
_a56 p. : ill. ; _c30cm. |
||
| 650 |
_aEngineering Management-MS-Thesis _916065 |
||
| 700 |
_aDr. Shoab Ahmed Khan _916053 |
||
| 942 |
_2ddc _cTHE |
||
| 999 |
_c540682 _d540682 |
||